Music Quiz

Random Music or Grab Bag Quiz

Music Notes (Treble Clef) Quiz Stats

 Plays Quiz not verified by Sporcle

Score 0/42 Timer 04:00
0 Plays Today
Hint Answer % Correct
TrC-D5.jpg-28D
85.5%
TrC-E4.jpg-14E
85.3%
TrC-C5.jpg-25C
85.3%
TrC-G4.jpg-18G
85%
TrC-F4.jpg-15F
84.9%
TrC-A4.jpg-21A
84.8%
TrC-F5.jpg-32F
84.7%
TrC-D#5.jpg-29D-sharp
84.5%
TrC-B4.jpg-24B
84.4%
TrC-E5.jpg-31E
84.4%
TrC-D4.jpg-11D
84.3%
TrC-C#5.jpg-26C-sharp
84.1%
TrC-C4.jpg-8C
84%
TrC-F#4.jpg-16F-sharp
84%
TrC-Gb4.jpg-17G-flat
84%
TrC-G5.jpg-35G
83.9%
TrC-Ab4.jpg-20A-flat
83.6%
TrC-A#4.jpg-22A-sharp
83.6%
TrC-Eb5.jpg-30E-flat
83.4%
TrC-C#4.jpg-9C-sharp
83.3%
TrC-Db5.jpg-27D-flat
83.3%
Hint Answer % Correct
TrC-A5.jpg-38A
83.3%
TrC-F#5.jpg-33F-sharp
83.2%
TrC-G#4.jpg-19G-sharp
83.1%
TrC-Eb4.jpg-13E-flat
83%
TrC-Bb4.jpg-23B-flat
83%
TrC-A3.jpg-4A
82.8%
TrC-Db4.jpg-10D-flat
82.8%
TrC-A#5.jpg-39A-sharp
82.8%
TrC-D#4.jpg-12D-sharp
82.7%
TrC-B5.jpg-41B
82.7%
TrC-C6.jpg-42C
82.6%
TrC-G#5.jpg-36G-sharp
82.2%
TrC-Gb5.jpg-34G-flat
81.9%
TrC-Ab5.jpg-37A-flat
81.9%
TrC-G3.jpg-1G
81.8%
TrC-B3.jpg-7B
81.8%
TrC-A#3.jpg-5A-sharp
81.6%
TrC-Bb5.jpg-40B-flat
81.5%
TrC-Bb3.jpg-6B-flat
81.4%
TrC-Ab3.jpg-3A-flat
80.5%
TrC-G#3.jpg-2G-sharp
79.5%

You're not logged in!

Compare scores with friends on all Sporcle quizzes.
OR
Log In

Sporcle TV

Today on Sporcle TV


Watch our educational content, quiz creation guides, and fun videos on Sporcle TV.

Show Comments

Extras

Top Quizzes Today


Score Distribution

Your Account Isn't Verified!

In order to create a playlist on Sporcle, you need to verify the email address you used during registration. Go to your Sporcle Settings to finish the process.

Report this User

Report this user for behavior that violates our Community Guidelines.

Details: